000 00908nam a2200181 i 4500
001 32102
003 ES-MaACL
005 20230906154519.0
007 t|
008 030220s1880 sp ||||1| spa d
100 0 _aCarreras Sanchís, Manuel.
_935680
245 1 0 _aDiscursos leídos en la solemne inauguración de las sesiones de la Sociedad Española de Terapeútica y Farmacología...
_b: el día 24 de octubre de 1880 : curso de 1180 a 1881 /
_cpor Manuel M. Carreras Sanchís y Francisco Javier de Castro y Pérez [Tema: Unidad, correlación y transformación de las fuerzas que rigen a la materia: su aplicación a la terapeútica].
260 _aMadrid :
_b[s.n.],
_c1880 (
_fImp. de Enrique Teodoro)
300 _a71, 7 p. ;
_c21 cm.
700 1 _aCastro y Pérez, Francisco Javier de.
_936978
710 2 _aSociedad Española de Terapeútica y Farmacología.
_96757
852 _aES-MaACL
_jT-623-F-11
999 _c32102
_d32102